000 nam a22 a 4500
999 _c377377
_d377377
003 BLK
005 20200729081024.0
008 200728b bul|||||r ||||||| ||bul||
010 _aKNG00041070RET
040 _aBLK
041 _aBUL
_cBUL
080 _aТруд. Работодател. Работник. Наука за труда. Икономика на труда. Организация на труда. Вж и 001.89;311;312;338.26/.28;349.2;351.83;368.4;316.6;614.8;658.3
_b331
_z331
139 _aНаръчник на профсъюзния активист
245 1 0 _aНаръчник на профсъюзния активист
257 _aBGR
260 _aСофия
_bПрофиздат
_c1958
300 _a132 с.
_c28 см
380 _a3
500 _aИзд. на ЦСПС. 5 000 тир. 2 лв.
650 4 _aПрофсъюзи - България - Наръчници
_9421020
852 _aЦб І 2648
856 4 _qpdf
_u
856 4 _qpdf
_u
942 _cKNG
_n0
_s1
944 _aCR
_kМоника Янева
_c2020-07-29
999 _d377377
999 _d375462